MARC

LEADER 00000nam0a2200000 4500
001 285630
005 20231101235819.0
035 |a (RuTPU)RU\TPU\book\309875 
090 |a 285630 
100 |a 20150226d1931 m y0rusy50 ca 
101 0 |a rus 
102 |a RU 
105 |a a z 000zy 
200 1 |a Аппаратура распределительных устройств высокого напряжения  |f под ред. В. С. Ароновича 
210 |a Москва  |a Ленинград  |c Госнаучтехиздат  |d 1931 
215 |a 164 с.  |c ил. 
225 1 |a За рабочим станком. Для рабочих средней и высшей квалификации  |v Вып. 140 
606 1 |a Электрические сети, распределительные, высоковольтные  |x Пропускная способность  |2 stltpush  |3 (RuTPU)RU\TPU\subj\27493  |9 51240 
610 1 |a электроэнергетика 
610 1 |a высоковольтные распределитедльные устройства 
610 1 |a выключение 
610 1 |a масляные выключатели 
610 1 |a разъединители 
610 1 |a электрические подстанции 
610 1 |a испытание 
610 1 |a история 
610 1 |a высоковольтная аппаратура 
610 1 |a изоляторы 
610 1 |a трансформаторы 
610 1 |a комплектные распределительные устройства 
675 |a 621.316.1  |v 3 
702 1 |a Аронович   |b В. С.  |4 340 
801 1 |a RU  |b 63413507  |c 20150226 
801 2 |a RU  |b 63413507  |c 20170126  |g RCR 
942 |c BK